000 00942nam a22002055i 4500
001 171305
003 ES-MaACL
005 20250616063044.0
008 090508s1863 sp |||| | spa d
100 0 _aFrontaura, Carlos,
_d1834-1910
_952739
245 1 0 _aMatilde y Malek-Adhel
_b: zarzuela en tres actos /
_cde Carlos Frontaura ; música de Joaquín Gaztambide y Cristóbal Oudrid.
260 _aMadrid :
_b[s.n.],
_c1863 (
_fImp. de José Rodríguez)
300 _a100 p. ;
_c18 cm.
500 _aEn port.: Representada por primera vez en Madrid, en el teatro de la Zarzuela, en Marzo de 1863.
500 _aSolo la letra.
700 1 _aGaztambide, Joaquín.
_956168
700 0 _aOudrid, Cristóbal.
_987969
852 _aES-MaACL
_jF-8600(2)
_z.- Enc. pasta española
_q- Falto de la cub. original
_z- Enc. en un vol. facticio formando parte de la col. facticia "Teatro español moderno", vol. 53
999 _c171305
_d171305